Approaches to the evolution of language
Guardat en:
| Autor principal: | |
|---|---|
| Format: | Llibre |
| Idioma: | Undetermined |
| Publicat: |
Cambridge
University Press
1998
|
| Matèries: | |
| Etiquetes: |
Afegir etiqueta
Sense etiquetes, Sigues el primer a etiquetar aquest registre!
|
| Thư viện lưu trữ: | Trung tâm Học liệu Trường Đại học Cần Thơ |
|---|
| LEADER | 00634nam a2200205Ia 4500 | ||
|---|---|---|---|
| 001 | CTU_88159 | ||
| 008 | 210402s9999 xx 000 0 und d | ||
| 020 | |c 499000 | ||
| 082 | |a 401 | ||
| 082 | |b H963 | ||
| 100 | |a Hurford, James R. | ||
| 245 | 0 | |a Approaches to the evolution of language | |
| 245 | 0 | |c James R. Hurford, Michael Studdert-Kennedy, Chris Knight | |
| 260 | |a Cambridge | ||
| 260 | |b University Press | ||
| 260 | |c 1998 | ||
| 650 | |a Language and languages,Grammar, comparative and general,Human evolution | ||
| 650 | |x Origin,Phonology | ||
| 904 | |i Năm | ||
| 980 | |a Trung tâm Học liệu Trường Đại học Cần Thơ | ||